| 000 | 00546nam a2200169Ia 4500 | ||
|---|---|---|---|
| 008 | 140609s9999 xx 000 0 und d | ||
| 020 | _a9781412989046 | ||
| 050 |
_aLB 1576 _b.H673 2013 |
||
| 100 | _aHostmeyer, Phyllis. | ||
| 245 |
_aTools students need to be skillful writers : _bbuilding better sentences / _cPhyllis Hostmeyer |
||
| 260 |
_aThousand Oaks : _bCorwin Press, _cc2013. |
||
| 300 |
_a230 p. : _bill. ; _c28 cm. |
||
| 500 | _aIncludes bibliographical references and index. | ||
| 521 | _aGE | ||
| 942 |
_kFOR _cBK |
||
| 999 |
_c117982 _d117982 |
||